000 nam a22 7a 4500
999 _c10182
_d10182
008 180212b ||||| |||| 00| 0 eng d
100 _aKheterpal,S.C.etal.
_96046
245 _aNew Cores Chemistry-XII
260 _aNew delhi
_bPradeep
_c2013